000 00796nam a2200241 a 4500
001 52560
003 BD-RjUL
005 20211209075828.0
008 190220s160 1953at a 000 0 eng
035 _a(BD-RjUL)52680
040 _aDLC
_cCarP
_dDLC
_dBD-RjUL
_beng
041 _aeng
082 _223
_a621.384
_bLAR 1960
100 1 _aLangford-Smith, F.
_q(Fritz),
_d1904-
_9228444
245 1 0 _aRadio designer's handbook /
_cF. Langford-Smith.
250 _a4th ed.
260 _aSydney, Australia :
_bPublished by the Wireless Press for Amalgamated Wireless Valve Co. Pty.,
_c1953 [impression 1960]
300 _axi, 1498 p.
_billus., diagrs., tables.
_c23 cm.
650 0 _aRadio
_xReceivers and reception.
_9228445
942 _2ddc
_cBK
999 _c52560
_d52560